01655nam a2200193 450000500170000000800410001702000180005804100120007608200150008810000210010324500520012425000080017626000400018430000080022436500110023252111810024365000160142470000210144020260312141631.0260310b |||||||| |||| 00| 0 eng d a9780470414385 aEnglish a333.7bBOT aBotkin Daniel B. aEnvironmental Science: Earth as a Living Planet a7th aAsiabJohn Wiley & Sons, INC.c2010 a665 b391.30 aChapter 1 Introduction to Environmental Science Chapter 2 The Scientific Method and Environmental Sciences Chapter 3 How to Think About Complex Systems Chapter 4 Introduction to Populations and to the Human Population Chapter 5 The Chemistry of Life Chapter 6 Ecosystem: The Unit that Sustains Life Chapter 7 Diversity of Life Chapter 8 Biomes Chapter 9 Ecological Energy Flow Chapter 10 Restoring Damaged Ecosystems Chapter 11 The Ecology of Food Production Chapter 12 Farming and the Environment Chapter 13 Forests and the Environment Chapter 14 Wildlife and the Environment Chapter 15 How the Environment Affects our Health Chapter 16 Chance and Catastrophes Chapter 17 Energy Concepts Important in Environmental Science Chapter 18 Oil, Natural Gas, and Coal Chapter 19 Wind, Solar, and Other New Sources of Energy Chapter 20 Nuclear Power Chapter 21 How We Obtain and Use Water Chapter 22 How We Pollute and Clean the Water Chapter 23 Global Warming Chapter 24 Air Pollution Chapter 25 The Air We Breathe Indoors Chapter 26 Mining and Environment Chapter 27 Environmental Economics Chapter 28 Cities as Environment Chapter 29 Treating Wastes  aEnvironment aKeller Edward A.